Les plats cuisinés en image - Statistiques

Statistiques générales
  • Ce quiz a été pris 2 741 fois
  • Le résultat moyen est 19 sur 30
Statistiques - réponses
Par images Réponse % Correct
Hamburger
99%
Sushis
95%
Nems
93%
Oeufs à la coque
84%
Cassoulet
83%
Pizza
82%
Raclette
81%
Moules frites
80%
Quiche
79%
Croque Monsieur
76%
Paëlla
76%
Ravioli
72%
Choucroute
70%
Tomates farcies
70%
Boeuf Bourguignon
69%
Hachis Parmentier
64%
Fondue Savoyarde
62%
Tartiflette
62%
Ratatouille
61%
Risotto
61%
Cannelloni
52%
Spaghettis Bolognaise
52%
Steak tartare
47%
Pot-au-feu
46%
Rougail saucisses
41%
Saucisses lentilles
40%
Fondue Bourguignonne
38%
Moussaka
36%
Poulet Basquaise
36%
Boeuf carottes
14%
Aucun quiz correspondant
Distribution des résultats
% des personnes avec chaque résultat
Percentile par nombre de réponses
Votre historique - résultats
Vous n’avez pas pris ce quiz